Curso de criminología (Registro nro. 6052)
[ vista simple ]
| 000 -Cabecera | |
|---|---|
| Campo de control de longitud fija | 00707ata a2200277 4500 |
| 005 - Fecha y hora de la última transacción | |
| Campo de control | 20260225163159.0 |
| 008 - Elementos de longitud fija--Información general | |
| Campo de control de longitud fija | 150527b2001 xxu||||| |||| 00| 0 spa d |
| 020 ## - International Standard Book Number | |
| Número Internacional Estándar del Libro (ISBN) | 9586165175 |
| 041 ## - Idioma | |
| Código de idioma | Español |
| 082 ## - Clasificación Decimal Dewey | |
| Número de clasificación | 364 P438c6 |
| 100 ## - Entrada principal--Autor personal | |
| Nombre personal | Pérez Pinzon, Álvaro Orlando |
| 245 ## - Título propiamente dicho | |
| Título | Curso de criminología |
| 250 ## - Edición | |
| Mención de edición | 6 edición |
| 260 ## - Pie de imprenta | |
| Lugar de publicación, distribución, etc. | Colombia |
| 260 ## - Pie de imprenta | |
| Nombre del editor, distribuidor, etc. | Universidad Externado de Colombia |
| 260 ## - Pie de imprenta | |
| Fecha de publicación, distribución, etc. | 2001 |
| 300 ## - Descripción física | |
| Extensión | 285 páginas |
| 490 ## - Serie | |
| Título de la Serie | Investigación Criminal |
| 650 ## - Materia general | |
| Temática (materia general) | CRIMINOLOGÍA |
| 650 ## - Materia general | |
| Temática (materia general) | CRIMINALIDAD |
| 650 ## - Materia general | |
| Temática (materia general) | CRIMINOLOGÍA CONTEMPORANEA |
| 650 ## - Materia general | |
| Temática (materia general) | VICTIMOLOGÍA |
| 650 ## - Materia general | |
| Temática (materia general) | POLÍTICA CRIMINAL |
| 650 ## - Materia general | |
| Temática (materia general) | PREVENCIÓN |
| 942 ## - Punto de acceso adicional KOHA | |
| Tipo de ítem KOHA | Libro |
| Fuente del sistema de clasificación o colocación | Dewey Decimal Classification |
| Signatura completa | Código de barras | Programa Académico | Tipo de ítem |
|---|---|---|---|
| 364 P438c6 | 9785 | Investigación Criminal | Libro |